Traduce estos países del Inglés al Español 1 - Estadísticas

Estadísticas generales
  • Esta prueba ha sido intentada 93 veces
  • La puntuación promedio es 14 de 14
Estadísticas de respuestas
Hint Respuesta % Correcto
German Alemania
100%
Brazil Brasil
100%
Vattican City Ciudad del Vaticano
100%
Croatia Croacia
100%
Spain España
100%
Iceland Islandia
100%
Poland Polonia
100%
Denmark Dinamarca
99%
Finland Finlandia
99%
United Kingdom Reino unido
99%
Russia Rusia
98%
Norway Noruega
96%
Sweden Suecia
96%
Greenland Groenlandia
95%
No se encontraron pruebas coincidentes
Distribución de puntuación
Porcentaje de gente con cada puntuación
Porcentaje por número respondido
Historial de tus puntuaciones
No has intentado esta prueba.